000 00946nam a2200301Ia 4500
003 GCL
008 140319s9999 xx 000 0 ara d
040 _aGCL /
_cGCL
082 0 4 _a810.5
_bم ق
100 1 _aفيصل دراج
245 1 0 _aالحداثة(1): النهضة, التحديث, القديم والجديد /
_cفيصل دراج
700 1 _aعبدالرحمن منيف
700 1 _aجابر عصفور
700 1 _aعبدالله ونوس
260 _a[S.N] :
_bمؤسسة عيبال للدراسات والنشر ،
_c1990
300 _a408 ص
490 _aقضايا وشهادات
_v0
650 0 4 _aالادب العربى
650 0 4 _aالنقد
650 0 4 _aالثقافة العربية
650 0 4 _aطه حسين
650 0 4 _aالتنوير
650 0 4 _aتاريخ ونقد
650 0 4 _aعبدالله النديم
650 0 4 _aالحداثة
650 0 4 _aالتحديث
942 _2ddc
_cBK
999 _c37273
_d37273